| 000 | 00530nam a22001817a 4500 | ||
|---|---|---|---|
| 003 | CEME | ||
| 005 | 20210628201626.0 | ||
| 008 | 210212b xxu||||| |||| 00| 0 eng d | ||
| 020 | _a0-87263-488-4 | ||
| 040 | _c. | ||
| 082 | _a620.11233 BRY | ||
| 100 |
_aBryce, Douglas.M _956063 |
||
| 245 | _aPlastic injection molding:vol-2 material selection and product design fundamentals | ||
| 260 |
_aDEARBORN _bSOCIETY OF MANUFACTURING ENGINEERS _c1997 |
||
| 300 | _aXXI,379P | ||
| 650 |
_aINJECTION MOLDING _956064 |
||
| 942 |
_cBK _2ddc |
||
| 999 |
_c566596 _d566596 |
||